HDTV : high-definition televison
| Main Author: | |
|---|---|
| Format: | Book |
| Published: |
Blue Ridge Summit :
Tab Books ,
1994
|
| Edition: | 2nd ed |
| Subjects: |
MARC
| LEADER | 00000cam a2200000 7i4500 | ||
|---|---|---|---|
| 001 | 0000003025 | ||
| 002 | 000003274 | ||
| 005 | .0 | ||
| 020 | |a 083064296X | ||
| 090 | 0 | 0 | |a 621.388 |b PRE |
| 100 | 1 | |a Prentiss, Stan | |
| 245 | 1 | 0 | |a HDTV : |b high-definition televison |c Stan Prentiss |
| 250 | |a 2nd ed | ||
| 260 | |a Blue Ridge Summit : |b Tab Books , |c 1994 | ||
| 300 | |a 322p. ; |c 24cm. | ||
| 650 | 0 | 0 | |a High definition television |
| 999 | |a 036604 |b BUKU |c PINJAMAN |e PERPUSTAKAAN KOMUNITI PETALING JAYA | ||